[Event "Labor Day op"]
[Site "CAN"]
[Date "1992.??.??"]
[Round "10"]
[White "Angelov, Georgi"]
[Black "Bekefi, Laszlo"]
[Result "0-1"]
[WhiteElo "2210"]
[BlackElo "2300"]

1.e4 c5 2.Nc3 Nc6 3.Nf3 d6 4.d4 cxd4 5.Nxd4 Nf6 6.Bg5 h6 7.Bxf6 gxf6 8.Qd2 e6
9.O-O-O a6 10.f4 h5 11.Kb1 Qb6 12.Nf3 Bd7 13.f5 O-O-O 14.Be2 Kb8 15.Rhf1 Bc8
16.Nh4 Bh6 17.Qe1 Bg5 18.fxe6 fxe6 19.Ng6 Rh6 20.Nf4 Bxf4 21.Rxf4 Qc5 22.Qh4 Qg5
23.Qxg5 fxg5 24.Rf7 Ne5 25.Rg7 g4 26.Kc1 Rf6 27.Rh7 Rf2 28.Rxh5 Kc7 29.Rh7+ Bd7
30.Rg1 b5 31.a3 Rdf8 32.Kd1 Kb6 33.Ke1 Kc5 34.h3 gxh3 35.Rxh3 Nc4 36.Nd1 R2f4
37.Rf3 Ne5 38.Re3 Bc6 39.b4+ Kb6 40.Nc3 Ng4 41.Rf3 Ne5 42.Rxf4 Rxf4 43.Rf1 Rh4
44.Bd3 a5 45.Ke2 axb4 46.axb4 Rg4 47.Kf2 d5 48.Re1 d4 49.Na2 Rg5 50.Nc1 Ng4+
51.Kg1 Ne3 52.Re2 e5 53.Nb3 Bd7 54.Rf2 Rg6 55.Nc5 Bh3 56.Bf1 Kc6 57.Kh1 Bg4
58.Kg1 Bd1 59.Bd3 Bg4 60.Bf1 Bd1 61.Bd3 Bg4 62.Bf1 Nd1 63.Rf7 Ne3 64.Ra7 Bc8
65.Ra8 Kc7 66.Ra7+ Kb8 67.Rf7 Nxc2 68.Bxb5 Nxb4 69.Re7 Rg5 70.Kf2 Nc2 71.Nd3 Ne3
72.Rxe5 Ng4+ 73.Kf1 Nxe5  0-1

[Event "Canada zt"]
[Site "Canada"]
[Date "1992.??.??"]
[Round "2"]
[White "Huber, Gregory"]
[Black "Spraggett, Kevin"]
[Result "0-1"]
[WhiteElo "2320"]
[BlackElo "2540"]

1.e4 c5 2.Nc3 Nc6 3.Nge2 d6 4.d4 cxd4 5.Nxd4 Nf6 6.Bc4 Qb6 7.Nb3 e6 8.Qe2 a6
9.f4 Be7 10.Be3 Qc7 11.a4 O-O 12.g4 d5 13.Bd3 dxe4 14.Nxe4 Nb4 15.O-O Nxd3
16.cxd3 Bd7 17.Rac1 Qd8 18.Nbc5 Bc6 19.Rc4 Bd5 20.Rc2 Re8 21.g5 Nd7 22.b4 Nxc5
23.bxc5 Bc6 24.Rc3 Bxa4 25.Rc4 Bc6 26.Rd4 Qa5 27.Qh5 Bxe4 28.Rxe4 Bxc5 29.d4 g6
30.Qh3 Bd6 31.f5 exf5 32.Rh4 h5 33.gxh6 Kh7  0-1

[Event "Candas op"]
[Site "Candas"]
[Date "1992.??.??"]
[Round "5"]
[White "Spraggett, Kevin"]
[Black "Gallagher, Joseph G"]
[Result "1/2-1/2"]
[WhiteElo "2545"]
[BlackElo "2510"]

1.e4 c5 2.Nc3 Nc6 3.Nge2 g6 4.d4 cxd4 5.Nxd4 Bg7 6.Be3 Nf6 7.Nb3 O-O 8.Be2 d6
9.f4 a5 10.a4 Be6 11.O-O Qc8 12.h3 Nb4 13.Bf3 Bc4 14.Rf2 Nd7 15.Ra3 Re8 16.Nd2 Ba6
17.g4 Nc5 18.Bg2 Qc7 19.Nf3 Rad8 20.Nd4 e6 21.Rd2 Qe7 22.Ndb5 Bf8 23.Ne2 Nxa4
24.Rxa4 Bxb5 25.Rxa5 Bxe2 26.Qxe2 Ra8 27.Rxa8 Rxa8 28.c3 Nc6 29.Bf1 Ra4 30.Qd3 g5
31.Qc2 gxf4 32.Bxf4 Ra1 33.Rd1 Rxd1 34.Qxd1 Qf6 35.Qd2 Ne5 36.Be2 Be7 37.Qe3 Bd8
38.Kg2 Qe7 39.Bg3 Qc7 40.Qd4  1/2-1/2

[Event "Candas op"]
[Site "Candas"]
[Date "1992.??.??"]
[Round "6"]
[White "Hebden, Mark"]
[Black "Spraggett, Kevin"]
[Result "0-1"]
[WhiteElo "2500"]
[BlackElo "2545"]

1.e4 c5 2.Nc3 Nc6 3.Nf3 d6 4.d4 cxd4 5.Nxd4 Nf6 6.Bg5 e6 7.Qd2 a6 8.O-O-O h6
9.Bf4 Bd7 10.Nxc6 Bxc6 11.Qe3 Qc7 12.Be2 e5 13.Bg3 Rc8 14.Rd2 Be7 15.Kb1 b5
16.Rc1 O-O 17.f4 Rfe8 18.h4 Bf8 19.f5 Qb7 20.Bf3 b4 21.Nd5 Bxd5 22.exd5 e4
23.Be2 Rc3 24.Qf4 Rc5 25.Bf2 Nxd5 26.Rxd5 Rxd5 27.Bc4 Rde5 28.Bd4 Qc8 29.Bxe5 Rxe5
30.Qf1 Rxf5 31.Bxa6 Qe6 32.Qe2 d5 33.Rd1 Qf6 34.Bb7 g6 35.Qa6 Qxh4 36.a3 bxa3
37.Rxd5 Qe1+ 38.Ka2 Rf1  0-1

[Event "Candas op"]
[Site "Candas"]
[Date "1992.??.??"]
[Round "6"]
[White "Ribeiro, Fernando"]
[Black "San Segundo, Pablo"]
[Result "0-1"]
[WhiteElo "2220"]
[BlackElo "2415"]

1.e4 c5 2.Nf3 Nc6 3.Nc3 d6 4.d4 cxd4 5.Nxd4 Nf6 6.Bc4 e6 7.Bb3 a6 8.Be3 Qc7
9.Qe2 Be7 10.O-O-O Na5 11.g4 b5 12.g5 Nxb3+ 13.axb3 Nd7 14.Rhg1 b4 15.Na4 Nc5
16.Kb1 Bd7 17.h4 Bxa4 18.bxa4 Qb7 19.b3 Nxe4 20.Bd2 Rc8 21.h5 O-O 22.g6 fxg6
23.f3 Nxd2+ 24.Rxd2 e5 25.hxg6 h6 26.Ne6 Rf6 27.Ng5 hxg5 28.Rxg5 Rxf3 29.Rh5 Bf6
30.Rxd6 Qc7 31.Rd1 Rg3 32.Rdh1 Rxg6 33.Rh8+ Kf7 34.Rxc8 Qxc8 35.Qe4 Rg4 36.Qd5+ Kg6
37.Qd3+ Qf5 38.Qxa6 e4 39.Qe2 Rg5 40.Qh2 Qe5 41.Qxe5 Bxe5  0-1

[Event "Candas op"]
[Site "Candas"]
[Date "1992.??.??"]
[Round "9"]
[White "Suarez Roa, Jose"]
[Black "Gomez Jurado, Luis Alberto"]
[Result "1/2-1/2"]
[WhiteElo "2415"]
[BlackElo "2265"]

1.e4 c5 2.Nc3 Nc6 3.Nge2 Nf6 4.d4 cxd4 5.Nxd4 d6 6.Be2 e5 7.Nf3 h6 8.O-O Be7
9.Re1 O-O 10.h3 a6 11.a4 Be6 12.Bf1 Nb4 13.a5 Rc8 14.Ra4 d5 15.exd5 Bf5 16.Bd3 Bxd3
17.cxd3 Nfxd5 18.Nxd5 Qxd5 19.Rxe5 Qxd3  1/2-1/2

[Event "Cannes Martinez op"]
[Site "Cannes"]
[Date "1992.??.??"]
[Round "?"]
[White "Cosson, Jeoffray"]
[Black "Lanka, Zigurds"]
[Result "0-1"]
[WhiteElo "2305"]
[BlackElo "2520"]

1.e4 c5 2.Nf3 Nc6 3.Nc3 d6 4.d4 cxd4 5.Nxd4 Nf6 6.Bg5 Bd7 7.Nxc6 bxc6 8.Bxf6 gxf6
9.Bc4 h5 10.Bb3 Qa5 11.f4 h4 12.Qf3 Qh5 13.Qxh5 Rxh5 14.f5 Bh6 15.O-O Be3+
16.Kh1 Bd4 17.Rab1 Be5 18.Ne2 Rg5 19.h3 Rg7 20.Ng1 Kd8 21.Nf3 Bg3 22.Nh2 a5
23.Bc4 Kc7 24.Ng4 Bc8 25.Rf3 Bb7 26.Rd1 Rb8 27.Ra3 c5 28.Re3 Bc6 29.b3 a4
30.Re2 Be5 31.Rf1 Bd4 32.Nh6 Rh8 33.Ng4 Be8 34.Rf3 axb3 35.axb3 Bc6 36.Rf1 Ra8
37.Rd1 Kb6 38.Nh2 Be5 39.Ng4 Bg3 40.Nh6 Bb5 41.Bxb5 Kxb5 42.Ng4 Ra7 43.Ne3 Rg8
44.Nd5 Rga8 45.Kg1 Be5 46.Kf1 e6 47.Ne3 Bg3 48.Red2 Bf4 49.Re2 Kb4 50.Kf2 Ra1
51.Rxa1 Rxa1 52.Kf3 Bg3 53.Kg4 Kc3 54.Kf3 Rc1 55.Kg4 Re1 56.Rxe1 Bxe1 57.Kf3 Kd2
58.g3 Bxg3 59.Nf1+ Kxc2 60.Nxg3 hxg3 61.h4 Kxb3 62.h5 c4 63.h6 c3 64.h7 c2
65.h8=Q c1=Q 66.Qa8 Qc3+  0-1

[Event "Cannes Martinez op"]
[Site "Cannes"]
[Date "1992.??.??"]
[Round "?"]
[White "Delanoy, Arnaud"]
[Black "Trabattoni, Franco"]
[Result "1/2-1/2"]
[WhiteElo "2215"]
[BlackElo "2340"]

1.e4 c5 2.Nc3 Nc6 3.Nf3 g6 4.d4 cxd4 5.Nxd4 Bg7 6.Be3 Nf6 7.Nxc6 bxc6 8.e5 Ng8
9.Bd4 Nh6 10.e6 O-O 11.Bxg7 Kxg7 12.exd7 Qxd7 13.Qxd7 Bxd7 14.O-O-O Be6 15.h3 Rab8
16.Ne4 Rfd8 17.Rxd8 Rxd8 18.Nc5 Bc8  1/2-1/2

[Event "JUG-chT"]
[Site "Cetinje"]
[Date "1992.??.??"]
[Round "?"]
[White "Misailovic, Nebojsa"]
[Black "Cabrilo, Goran"]
[Result "1-0"]
[WhiteElo "2430"]
[BlackElo "2515"]

1.e4 c5 2.Ne2 Nc6 3.Nbc3 d6 4.d3 g6 5.Be3 Bg7 6.Qd2 Nd4 7.Nd1 e5 8.c3 Nc6
9.g3 f5 10.Bg2 Nf6 11.exf5 Bxf5 12.Bh6 Bxh6 13.Qxh6 Qd7 14.d4 cxd4 15.cxd4 exd4
16.O-O d3 17.Nec3 O-O-O 18.Ne3 Be6 19.Qf4 Rhf8 20.Ne4 Nxe4 21.Qxe4 d5 22.Qxd3 d4
23.Nc4 Bd5 24.Nd2 Ne5 25.Rac1+ Bc6 26.Qb3 Kb8 27.Bxc6 Nxc6 28.Ne4 Qd5 29.Qxd5 Rxd5
30.Rfd1 Ne5 31.f4 Nc6 32.Rc5 Rxc5 33.Nxc5 Re8 34.Kf2 b6 35.Nb3 Rd8 36.a3 a5
37.Kf3 a4 38.Nd2 Na5 39.Ke4 Kc7 40.Nf3 Nb3 41.Nxd4 Re8+ 42.Kd5 Nxd4 43.Rxd4 Re2
44.g4 Rxb2 45.f5 gxf5 46.gxf5 b5 47.Rf4 b4 48.f6 bxa3 49.f7 Rd2+ 50.Ke4  1-0

[Event "JUG-chT"]
[Site "Cetinje"]
[Date "1992.??.??"]
[Round "?"]
[White "Saric, Natasa"]
[Black "Relic, Rajna"]
[Result "1-0"]
[WhiteElo "2085"]
[BlackElo "2015"]

1.e4 c5 2.Ne2 Nc6 3.Nbc3 Nf6 4.d3 g6 5.g3 d5 6.exd5 Nxd5 7.Bg2 Nc7 8.Be3 Nd4
9.h3 Bg7 10.Nf4 e5 11.Nfd5 Nxd5 12.Nxd5 Be6 13.Nc3 Qd7 14.Qd2 O-O 15.O-O-O Rab8
16.Bh6 b5 17.Rde1 b4 18.Nb1 Qa4 19.Bxg7 Kxg7 20.Rxe5 Bxa2 21.h4 b3 22.Rh5 Rh8
23.Qh6+ Kg8 24.Nc3 Ne2+ 25.Nxe2 gxh5 26.Nc3 Qd4 27.Nd5 Qg7 28.Ne7+ Kf8 29.Qd6 Qg4
30.Nf5+ Kg8 31.Qxb8+  1-0

[Event "CSR-chT"]
[Site "CSR"]
[Date "1992.??.??"]
[Round "?"]
[White "Lechtynsky, Jiri"]
[Black "Hracek, Zbynek"]
[Result "0-1"]
[WhiteElo "2410"]
[BlackElo "2460"]

1.Nf3 c5 2.e4 Nc6 3.Nc3 d6 4.d4 cxd4 5.Nxd4 Nf6 6.Be2 e6 7.O-O Be7 8.Be3 O-O
9.Kh1 a6 10.f4 Qc7 11.Qe1 Nxd4 12.Bxd4 b5 13.e5 Ne8 14.Bf3 Bb7 15.f5 Bxf3
16.Rxf3 dxe5 17.Bxe5 Qc6 18.fxe6 fxe6 19.Rxf8+ Bxf8 20.a3 a5 21.Qf2 b4 22.Rf1 Nd6
23.axb4 axb4 24.Ne2 Qxc2 25.Bxd6 Bxd6 26.Qf7+ Kh8 27.Qxe6 Qg6 28.Qxg6 hxg6
29.b3 Ra2 30.Nd4 Rb2 31.g3 Be5 32.Nc6 Bc3 33.Na5 Kh7 34.Rf4 g5 35.Rg4 Kh6
36.h4 gxh4 37.Rxh4+ Kg5 38.Kg1 Kf5 39.Kf1 Ke6 40.Rf4 Kd5 41.Rf2 Rxf2+ 42.Kxf2 Ke4
43.Ke2 Be5 44.g4 Kf4 45.Nc4 Bd4 46.Kd3 Bc5 47.g5 Kxg5 48.Ke4 Kh5 49.Ne5 g6
50.Nd3 Bf8 51.Nf4+ Kh6 52.Kf3 Bd6 53.Nh3 Kh5 54.Nf2 Kh4 55.Ne4 Be7 56.Nf2 Kg5
57.Ne4+ Kf5 58.Nf2 Ke5 59.Nd3+ Kd4 60.Ke2 g5 61.Kd2 g4 62.Ke2 Bd6 63.Nf2 g3
64.Nd1 Bb8 65.Kf3 Kd3 66.Ne3 Kc3 67.Ke2 Kxb3  0-1

[Event "CSR-chT"]
[Site "CSR"]
[Date "1992.??.??"]
[Round "?"]
[White "Papacek, Stepan"]
[Black "Mrva, Martin"]
[Result "1/2-1/2"]
[WhiteElo "2320"]
[BlackElo "2345"]

1.e4 c5 2.Nc3 Nc6 3.Nf3 Nf6 4.Bb5 Qc7 5.O-O Nd4 6.a4 a6 7.Bc4 d6 8.h3 Rb8
9.d3 Nxf3+ 10.Qxf3 g6 11.Bg5 Bg7 12.Bxf6 Bxf6 13.Nd5 Qd8 14.Nxf6+ exf6 15.Rfe1 O-O
16.Re3 Bd7 17.Qf4 Bc6  1/2-1/2

[Event "CSR-chT"]
[Site "CSR"]
[Date "1992.??.??"]
[Round "?"]
[White "Mrva, Martin"]
[Black "Polak, Tomas"]
[Result "1-0"]
[WhiteElo "2345"]
[BlackElo "2410"]

1.e4 c5 2.Nf3 Nc6 3.Nc3 g6 4.d4 cxd4 5.Nxd4 Bg7 6.Nde2 b6 7.h4 Nf6 8.Nf4 h6
9.Be3 d6 10.f3 Ne5 11.Qd2 Bb7 12.Bb5+ Nfd7 13.Nfd5 Rc8 14.Qe2 O-O 15.f4 Nc6
16.f5 Nd4 17.Bxd4 Bxd4 18.O-O-O Bxc3 19.Nxc3 Ne5 20.g4 Kg7 21.g5 h5 22.Rhf1 Ng4
23.Qd2 Rc5 24.Be2 Re5 25.Bxg4 hxg4 26.Qf4 b5 27.Qxg4 b4 28.Nd5 Qa5 29.f6+ exf6
30.gxf6+ Kh7 31.h5 g5 32.Rf5 Qxa2 33.Rxe5 dxe5 34.Qf5+ Kh6 35.Qxe5 Rc8 36.Ne3 b3
37.c4 Qa1+ 38.Kd2 Rd8+ 39.Nd5 Qa5+ 40.Ke2 Bxd5 41.Rxd5 Rxd5 42.exd5 Qc5 43.Kd3 Qf2
44.Kc3 Qc2+ 45.Kb4 a5+ 46.Kb5 a4 47.Qe8 a3 48.Qh8+ Qh7 49.Qf8+ Kxh5 50.Qxa3 g4
51.Qxb3 Qe4 52.Qg3 Kg6 53.d6 Kf5 54.c5 Qb7+ 55.Kc4 Qe4+ 56.Kc3 Ke6 57.d7 Kxd7
58.Qd3+ Qxd3+ 59.Kxd3 Ke6 60.c6  1-0

[Event "CSR-chT"]
[Site "CSR"]
[Date "1992.??.??"]
[Round "?"]
[White "Sikora Lerch, Jan"]
[Black "Klimes, Jaromir"]
[Result "1-0"]
[WhiteElo "2395"]
[BlackElo "2365"]

1.e4 c5 2.Ne2 Nc6 3.Nbc3 g6 4.d4 cxd4 5.Nxd4 Bg7 6.Nb3 Nf6 7.Be2 O-O 8.O-O d6
9.f4 a5 10.a4 Be6 11.Kh1 Qc8 12.Be3 Nb4 13.Nd4 Bc4 14.Rc1 Rd8 15.Ndb5 Bxe2
16.Qxe2 Qc6 17.Qf3 Re8 18.f5 e6 19.fxg6 fxg6 20.Bg5 Rf8 21.Qh3 Rad8 22.Rfd1 d5
23.e5  1-0

[Event "CSR-chT"]
[Site "CSR"]
[Date "1992.??.??"]
[Round "?"]
[White "Vavra, Pavel"]
[Black "Divis, Josef"]
[Result "0-1"]
[WhiteElo "2210"]
[BlackElo "2275"]

1.e4 c5 2.Nf3 Nc6 3.Nc3 Nf6 4.d4 cxd4 5.Nxd4 e5 6.Ndb5 d6 7.Bg5 a6 8.Na3 b5
9.Bxf6 gxf6 10.Nd5 f5 11.Bxb5 axb5 12.Nxb5 Ra4 13.b4 Rxb4 14.Nxb4 Nxb4 15.c3 Nc6
16.Rb1 Be7 17.Qd5 Na5 18.Na7 Be6 19.Qb5+ Kf8 20.exf5 Bxf5 21.Rb4 Qc7 22.Qb8+ Qxb8
23.Rxb8+ Kg7 24.Rxh8 Kxh8 25.Ke2 Kg7 26.Rd1 Nb7 27.a4 Bc2 28.Ra1 Nc5 29.a5 Nb3
30.Ra2 Be4 31.Ke3 Bd5 32.g3 Bd8 33.Ra4 Bxa5 34.c4 Bb6+ 35.Ke2 Nc5 36.Ra1 Bxc4+
37.Ke1 Nb3 38.Ra4 Bd5 39.Nc8 Bc5 40.Ra6 Bc4 41.Rc6 Bb5 42.Rc7 Ba6 43.Ne7 Nd4
44.Kd1 Nb5  0-1

[Event "CSR-chT"]
[Site "CSR"]
[Date "1992.??.??"]
[Round "?"]
[White "Pastircak, Milan"]
[Black "Gross, Stefan"]
[Result "0-1"]
[WhiteElo "2385"]
[BlackElo "2385"]

1.e4 c5 2.Nc3 Nc6 3.Bb5 Nd4 4.a4 g6 5.Nge2 Nxb5 6.axb5 Bg7 7.d4 cxd4 8.Nxd4 b6
9.Bg5 Bb7 10.O-O Nf6 11.e5 Ne4 12.Nxe4 Bxe4 13.Re1 Bb7 14.Qd2 O-O 15.Bh6 f5
16.Bxg7 Kxg7 17.e6 d6 18.Ra3 a6 19.Qf4 Rf6 20.bxa6 Rxa6 21.Rxa6 Bxa6 22.h4 Bb7
23.Re3 Bd5 24.h5 Qf8 25.b3 Kg8 26.c4 Be4 27.f3 Bb7 28.Re1 Qa8 29.Nb5 Bc6
30.Nd4 Qa5 31.Qe3 Ba8 32.hxg6 hxg6 33.Nc2 Qc5 34.b4 Qxc4 35.Nd4 f4 36.Qf2 Qxb4
37.Rc1 Rf8 38.Nc2 Qb5 39.Ra1 Qc6 40.Rb1 b5  0-1

[Event "Czestochowa op"]
[Site "Czestochowa"]
[Date "1992.??.??"]
[Round "5"]
[White "Nikolenko, Oleg"]
[Black "Neverov, Valeriy"]
[Result "1/2-1/2"]
[WhiteElo "2460"]
[BlackElo "2490"]

1.e4 c5 2.Nf3 Nc6 3.Nc3 e5 4.Bc4 d6 5.d3 Be7 6.O-O Nf6 7.Ng5 O-O 8.f4 Bg4
9.Qe1 exf4 10.Bxf4 Nd4 11.Qd2 Qd7 12.h3 Bh5 13.Kh2 b5 14.Bb3 Nxb3 15.axb3 b4
16.Ne2 d5 17.e5 Ne8 18.Nf3 Nc7 19.Bg5 f6 20.exf6 Bxf6 21.Bxf6 Rxf6 22.Nfg1 Qd6+  1/2-1/2

[Event "EU-chT (Men)"]
[Site "Debrecen"]
[Date "1992.??.??"]
[Round "4"]
[White "Malisauskas, Vidmantas"]
[Black "Gazik, Igor"]
[Result "1-0"]
[WhiteElo "2490"]
[BlackElo "2435"]

1.e4 c5 2.Nc3 Nc6 3.Nge2 g6 4.d4 cxd4 5.Nxd4 Bg7 6.Nb3 Nf6 7.Be2 O-O 8.O-O d6
9.Bg5 Be6 10.f4 b5 11.Bf3 Rc8 12.Kh1 Bc4 13.Re1 h6 14.Bh4 e5 15.f5 b4 16.Nd5 Bxd5
17.exd5 Ne7 18.Bxf6 Bxf6 19.fxg6 Nxg6 20.a3 e4 21.Bg4 Bxb2 22.Bxc8 Bxa1 23.Qxa1 Qxc8
24.axb4 Qc4 25.Nd2 Qxb4 26.Nxe4 f5 27.Nf2 Ne5 28.Nd3 Nxd3 29.cxd3 Rb8 30.Rf1 Qg4
31.h3 Qg6 32.Rf3 Qg7 33.Qe1 Qe5 34.Re3 Qxd5 35.Re7 Qd4 36.Qe6+  1-0

[Event "EU-chT (Women)"]
[Site "Debrecen"]
[Date "1992.??.??"]
[Round "4"]
[White "Cosma, Elena Luminita"]
[Black "Maskova, Jana"]
[Result "0-1"]
[WhiteElo "2215"]
[BlackElo "2220"]

1.e4 c5 2.Nf3 Nc6 3.Nc3 d6 4.d4 cxd4 5.Nxd4 Nf6 6.g3 e5 7.Nde2 Be7 8.Bg2 O-O
9.O-O Be6 10.Nd5 Bxd5 11.exd5 Nb8 12.h3 Nbd7 13.Be3 Ne8 14.g4 g6 15.f4 exf4
16.Nxf4 Bf6 17.c3 Rc8 18.Nd3 Ne5 19.Nxe5 Bxe5 20.Bxa7 b6 21.Qb3 Qg5 22.Qxb6 f5
23.Qe3 f4 24.Qe2 Nf6 25.Bf3 Nh5 26.Bf2 Ng3 27.Bxg3 fxg3 28.Kg2 Rce8 29.Qd3 Rb8
30.b3 Rf4 31.Rac1 Rbf8 32.Rc2 h5 33.Re2 hxg4 34.hxg4 R8f7 35.Re4 Rh7 36.Rxf4 Bxf4
37.Re1 Rh2+ 38.Kg1 Qh6 39.Qe4 Rh1+ 40.Bxh1 Qh2+  0-1

[Event "EU-chT (Men)"]
[Site "Debrecen"]
[Date "1992.??.??"]
[Round "5"]
[White "Westerinen, Heikki MJ"]
[Black "Mohandesi, Shahin"]
[Result "1-0"]
[WhiteElo "2430"]
[BlackElo "2215"]

1.e4 c5 2.Nc3 Nc6 3.Nge2 e6 4.g3 Nge7 5.Bg2 g6 6.d4 cxd4 7.Nxd4 Bg7 8.Ndb5 O-O
9.O-O b6 10.Bf4 Ba6 11.a4 e5 12.Be3 Nd4 13.Re1 Nec6 14.Bf1 Nb4 15.Rc1 Qf6
16.Bxd4 exd4 17.e5 Qe7 18.Qxd4 d5 19.Nxd5 Nxd5 20.Qxd5 Rad8 21.Nd6 Bc8 22.Rcd1 Be6
23.Qe4 Rd7 24.Bb5 Rc7 25.Bc4 Bd7 26.b3 Bc6 27.Bd5 Be8 28.e6 f5 29.Qd3 Rc3
30.Qe2 Bc6 31.Nb5 Bxb5 32.axb5 Rc5 33.Bc4 Re5 34.Qd3 Rxe1+ 35.Rxe1 Rd8 36.Qxd8+  1-0

[Event "EU-chT (Men)"]
[Site "Debrecen"]
[Date "1992.??.??"]
[Round "6"]
[White "Berend, Fred"]
[Black "Wittmann, Walter"]
[Result "1/2-1/2"]
[WhiteElo "2275"]
[BlackElo "2380"]

1.e4 c5 2.Nc3 Nc6 3.Nf3 d6 4.Bb5 Bd7 5.O-O e6 6.Re1 Nf6 7.Bxc6 Bxc6 8.d4 cxd4
9.Nxd4 Be7 10.Bf4 e5 11.Nxc6 bxc6 12.Bg5 Nd7 13.Bxe7 Qxe7 14.Qd2 Rd8 15.Rad1 Nb6
16.b3 O-O 17.Qe2 Rfe8 18.Qa6 d5 19.exd5 cxd5 20.Qa5 Qb7 21.Rd2 d4 22.Na4 f6
23.Nxb6 axb6 24.Qb5 Re7 25.c3 Rd5 26.Qb4 Red7 27.cxd4 Rxd4 28.Rxd4 Rxd4 29.Qb5 h6
30.h3 Qc7 31.a4 Qc3 32.Re3 Qc1+ 33.Kh2 Qc7 34.Qe8+ Kh7 35.Qh5 Qd7 36.Rg3 Rd6
37.Qg6+ Kh8 38.Qe4 Rd4 39.Qg6 Rd6 40.Re3 Re6 41.Rd3 Rd6 42.Rxd6 Qxd6 43.Qe4 Qc5
44.Kg3 Qc3+ 45.Qe3 Qb4 46.Qf3 e4 47.Qe3 Qd6+ 48.Qf4 Qd3+  1/2-1/2

[Event "EU-chT (Men)"]
[Site "Debrecen"]
[Date "1992.??.??"]
[Round "9"]
[White "Fernandez Garcia, Jose L"]
[Black "Donchev, Dimitar I"]
[Result "1/2-1/2"]
[WhiteElo "2465"]
[BlackElo "2520"]

1.e4 c5 2.Nf3 Nc6 3.Nc3 Nf6 4.Bb5 g6 5.e5 Ng4 6.Bxc6 dxc6 7.h3 Nh6 8.Ne4 b6
9.d4 cxd4 10.Qxd4 Qxd4 11.Nxd4 Nf5 12.Nf3 c5 13.O-O Bg7 14.c3 Bb7 15.Re1 O-O
16.Bf4 Rad8 17.g4 Rd3 18.Nfg5 h6 19.gxf5 gxf5 20.Ng3 hxg5 21.Bxg5 e6 22.Rad1 Rxd1
23.Rxd1 Bxe5 24.f4 Bg7 25.Rd7 Bd5 26.Rxa7 f6 27.Bh4 Rf7 28.Ra6 Rb7  1/2-1/2

[Event "DEN-chB"]
[Site "?"]
[Date "1992.??.??"]
[Round "7"]
[White "Sobjerg, Erik"]
[Black "Rewitz, Poul"]
[Result "0-1"]
[WhiteElo "2250"]
[BlackElo "2250"]

1.e4 c5 2.Nf3 Nc6 3.Nc3 Nf6 4.Bb5 Nd4 5.e5 Nxb5 6.Nxb5 Nd5 7.Ng5 f6 8.exf6 Nxf6
9.O-O e6 10.d4 Qb6 11.Qd3 a6 12.Na3 cxd4 13.Nc4 Qc5 14.b4 Qxb4 15.Bd2 Qc5
16.Rfe1 b5 17.Ne5 Bb7 18.Nxd7 Qd5 19.Nxf6+ gxf6 20.Rxe6+ Kd7 21.Re4 Bd6 22.Qh3+ Kc6
23.c4 bxc4 24.Re6 fxg5 25.Bb4 Bc8 26.Rxd6+ Qxd6 27.Qf3+ Qd5 28.Qf6+ Be6 29.Re1 Rhe8
30.Re5 Rab8 31.Rxd5 Rxb4 32.Rd6+ Kxd6 33.Qxd4+ Bd5 34.h3 Re5 35.h4 h6 36.hxg5 Rxg5
37.Qf6+ Kd7 38.f3 a5 39.Qf4 Rb7 40.Qf6  0-1

[Event "Dortmund op-A"]
[Site "Dortmund"]
[Date "1992.??.??"]
[Round "2"]
[White "Balashov, Yuri S"]
[Black "Demeter, Istvan"]
[Result "1-0"]
[WhiteElo "2565"]
[BlackElo "2290"]

1.e4 c5 2.Nc3 Nc6 3.Nge2 g6 4.d4 cxd4 5.Nxd4 Bg7 6.Nb3 Nf6 7.Be2 O-O 8.O-O d6
9.Be3 Be6 10.f4 Qc8 11.Kh1 Bg4 12.Bg1 Bxe2 13.Qxe2 Qe6 14.Rad1 a6 15.Rfe1 b5
16.Nd5 Rab8 17.Qf3 Qd7 18.Nxf6+ Bxf6 19.e5 Bg7 20.Nc5 Qc8 21.exd6 exd6 22.Rxd6  1-0

[Event "Dortmund op-A"]
[Site "Dortmund"]
[Date "1992.??.??"]
[Round "3"]
[White "Keitlinghaus, Ludger"]
[Black "Schirm, Friedmar"]
[Result "1-0"]
[WhiteElo "2440"]
[BlackElo "2310"]

1.e4 c5 2.Nc3 Nc6 3.Bb5 Nd4 4.a4 g6 5.Nge2 Bg7 6.O-O e6 7.Nxd4 cxd4 8.Ne2 Ne7
9.c3 a6 10.Bc4 d5 11.exd5 exd5 12.Ba2 Nc6 13.Qb3 Be6 14.Qxb7 Na5 15.Qb4 Rb8
16.Qa3 d3 17.Nd4 Bf8 18.b4 Bd6 19.Bb1 Nc4 20.Qb3 Qh4 21.g3 Qh3 22.Bxd3 Ne5
23.Be2 h5 24.Re1 Ng4 25.Bxg4 hxg4 26.Qxd5 Qxh2+ 27.Kf1 Qh1+ 28.Qxh1 Rxh1+
29.Ke2 Bc4+ 30.d3 Bxd3+ 31.Kd1+ Rxe1+ 32.Kxe1 Kd7 33.Be3 Rh8 34.Kd2 Bc4 35.Rd1 Rh2
36.Kc1 Kc7 37.Rd2 Rh8 38.Kb2 f5 39.Nb3 Rh2 40.Kc2 Rg2 41.Na5 Bf7 42.Nb3 Bc4
43.a5 Be5 44.Nc5 Kc6 45.Nd3 Bd6 46.Nf4 Bxf4 47.Bxf4 Bd5 48.Kd3 Rg1 49.Kd4 Bf3
50.Rb2 Re1 51.Be3 Re2 52.Rb1 Be4 53.Rd1 Bf3 54.Ra1 Rb2 55.Ke5 Kb5 56.Kf6 Be4
57.Rd1 Rc2 58.Bd4 Kc4 59.Rc1 Rb2 60.Kxg6 Rb1 61.Rc2 Kd5 62.Kf6 Ra1 63.Rd2 Kc4
64.Be5 Bd3 65.Rxd3 Kxd3 66.Kxf5 Re1 67.Bd4 Re4 68.Bc5 Re8 69.Kxg4  1-0

[Event "Dortmund op-A"]
[Site "Dortmund"]
[Date "1992.??.??"]
[Round "4"]
[White "Thesing, Matthias"]
[Black "Schumi, Manfred"]
[Result "1-0"]
[WhiteElo "2415"]
[BlackElo "2245"]

1.e4 c5 2.Nc3 Nc6 3.Bb5 g6 4.Bxc6 dxc6 5.d3 Bg7 6.Nge2 Nf6 7.h3 e5 8.Be3 b6
9.Qd2 O-O 10.Bh6 Ne8 11.h4 Qe7 12.O-O-O Nc7 13.h5 Ne6 14.Bxg7 Kxg7 15.f4 exf4
16.Nxf4 Ng5 17.Qf2 Bg4 18.Rde1 Ne6 19.Qe3 Kg8 20.e5 Qg5 21.Ref1 Rfe8 22.Ne4 Qxe5
23.hxg6 f5 24.gxh7+ Kg7 25.Qg3 Nxf4 26.Rxf4 Kh8 27.Nf2 Bh5 28.d4 Qe6 29.dxc5 Bg6
30.cxb6 axb6 31.Qc3+ Qe5 32.Qxe5+ Rxe5 33.Nd3 Re2 34.g4 Rxa2 35.Kd1 Re7 36.gxf5 Bxh7
37.Kd2 Ra5 38.f6 Rf7 39.Re1 Bxd3 40.cxd3 Kh7 41.Re6 Rb5 42.Kc3 Rc5+ 43.Rc4 Rf5
44.Rcxc6 b5 45.Re7 Rxf6 46.Rxf7+ Rxf7 47.Rc5 Kg6 48.Rxb5 Kf6 49.b4 Ke6 50.Kc4 Rf1
51.Rc5 Rc1+ 52.Kb5 Rd1 53.Rc3 Kd6 54.Kb6  1-0

[Event "Dortmund op-A"]
[Site "Dortmund"]
[Date "1992.??.??"]
[Round "4"]
[White "Pachow, Joerg"]
[Black "Galdunts, Sergey"]
[Result "0-1"]
[WhiteElo "2240"]
[BlackElo "2465"]

1.e4 c5 2.Nf3 Nc6 3.Nc3 e5 4.Bc4 d6 5.O-O Be7 6.Nd5 Nf6 7.c3 Nxe4 8.d4 cxd4
9.cxd4 O-O 10.Re1 Nf6 11.dxe5 dxe5 12.Nxe5 Nxe5 13.Rxe5 Bd6 14.Re1 Ng4 15.g3 Be6
16.h3 Ne5 17.Bf1 Qa5 18.Bf4 Qxe1  0-1

[Event "Dortmund op-A"]
[Site "Dortmund"]
[Date "1992.??.??"]
[Round "5"]
[White "Keitlinghaus, Ludger"]
[Black "Ionov, Sergey"]
[Result "1/2-1/2"]
[WhiteElo "2440"]
[BlackElo "2500"]

1.e4 c5 2.Nc3 Nc6 3.Bb5 e6 4.Bxc6 bxc6 5.d3 Ne7 6.f4 Ng6 7.Nf3 Be7 8.O-O O-O
9.f5 Nh4 10.Nxh4 Bxh4 11.fxe6 dxe6 12.Be3 Rb8 13.Bxc5 Rxb2 14.Bxf8 Qxf8 15.Na4 Rb5
16.c4 Rb4 17.Rb1 Bf6 18.Rxb4 Bd4+ 19.Kh1 Qxb4 20.Qb3 Qxb3 21.axb3 c5 22.Rc1 Kf8
23.Nc3 Be5 24.Ne2 Ke7 25.Ng1 Bb7 26.Nf3 Bc7 27.Re1 Ba5 28.Re2 f6 29.Kg1 Bb6
30.Kf1 Bc7 31.g4 h6 32.h3 g5 33.Kg2 Kf7 34.h4 a6 35.hxg5 hxg5 36.Re1 Bf4
37.Kf2 Bc7 38.e5 Bxf3 39.Kxf3 Bxe5 40.Rh1 Kg7 41.Ke4 a5 42.Rf1 Bd4 43.Re1 Kg6
44.Re2 f5+ 45.Kf3 Kf6 46.Rh2 Kg6 47.Re2 Kf6 48.Rh2  1/2-1/2

[Event "Dortmund op-A"]
[Site "Dortmund"]
[Date "1992.??.??"]
[Round "6"]
[White "Hoehn, Jan"]
[Black "Kersten, Uwe"]
[Result "1/2-1/2"]
[WhiteElo "2235"]
[BlackElo "2325"]

1.e4 c5 2.Nc3 Nc6 3.Nge2 e6 4.g3 Nf6 5.Bg2 Be7 6.O-O O-O 7.d4 cxd4 8.Nxd4 a6
9.a4 Qc7 10.Nb3 b6 11.Nd5 exd5 12.exd5 Bd6 13.dxc6 dxc6 14.Nd4 Bb7 15.Bg5 Be5
16.Nf5 h6 17.Bh4 c5 18.Bxb7 Qxb7 19.f4 Bxb2 20.Rb1 Rad8 21.Qf3 Qd7 22.Rxb2 Qxf5
23.Rxb6 Rd2 24.Bxf6 gxf6 25.g4 Qxc2 26.Rxf6 Rxh2 27.Qg3 Qb2 28.g5 hxg5 29.fxg5 Rh7
30.g6 Qd4+  1/2-1/2

[Event "Dortmund op-A"]
[Site "Dortmund"]
[Date "1992.??.??"]
[Round "9"]
[White "Theissen, Henning"]
[Black "Schirm, Friedmar"]
[Result "1-0"]
[WhiteElo "2240"]
[BlackElo "2310"]

1.e4 c5 2.Nf3 Nc6 3.Nc3 d6 4.d4 cxd4 5.Nxd4 Nf6 6.Be3 Ng4 7.Bb5 Nxe3 8.fxe3 Bd7
9.Bxc6 bxc6 10.O-O e6 11.e5 d5 12.Qf3 Qe7 13.e4 g6 14.exd5 cxd5 15.Ndb5 Bxb5
16.Nxb5 Qd7 17.c4 Bc5+ 18.Kh1 O-O 19.Rad1 Rad8 20.Nc3 Bb4 21.cxd5 Bxc3 22.Qxc3 exd5
23.Rf4 Qe7 24.Rdf1 Rc8 25.Qf3 Rc2 26.Rf6 Rcc8 27.h3 d4 28.Qe4 Qd7 29.Qf4 Rce8
30.Rd1 Qa4 31.Rxd4 Qxa2 32.Rd7 a5 33.Kh2 Qb3 34.e6 fxe6 35.Qh6  1-0

[Event "Dortmund op-A"]
[Site "Dortmund"]
[Date "1992.??.??"]
[Round "11"]
[White "Tischbierek, Raj"]
[Black "Becker, Michael"]
[Result "1-0"]
[WhiteElo "2485"]
[BlackElo "2310"]

1.e4 c5 2.Nc3 Nc6 3.Nge2 g6 4.d4 cxd4 5.Nxd4 Bg7 6.Nb3 Nf6 7.Be2 O-O 8.O-O a6
9.Re1 b5 10.Bf1 e6 11.Bg5 d6 12.e5 Nxe5 13.Rxe5 dxe5 14.Qf3 Qb6 15.Qxa8 Ng4
16.Qf3 f5 17.h3 e4 18.Qe2 Ne5 19.Qe3 Qb8 20.Qc5 Bd7 21.Be7 Rc8 22.Bd6 Rxc5
23.Bxb8 Rc8 24.Bd6 Nc4 25.Bxc4 Rxc4 26.Rd1 Be8 27.Rd2 Bh6 28.Rd4 Rc8 29.Be5 e3
30.Kf1 exf2 31.Kxf2 Bf8 32.a3 a5 33.Rd2 Bh6 34.Rd6 b4 35.axb4 axb4 36.Ne2 Rxc2
37.Rb6 Bf8 38.Rb8 Kf7 39.Rb7+ Kg8 40.Nd4 Bc5 41.Kg3 Bxd4 42.Nxd4 Rc5 43.Rg7+ Kh8
44.Bf6  1-0